LEADER 00969nam0-22003371i-450- 001 990002893190403321 035 $a000289319 035 $aFED01000289319 035 $a(Aleph)000289319FED01 035 $a000289319 100 $a20000920d1999----km-y0itay50------ba 101 0 $aENG 200 1 $aStochastic calculus and finance$fSteven Shreve, Prasad Chalasani, Somesh Jha 210 $as.l.$cs.n.$d1999 215 $a347 p.$d24 cm 300 $a<>libro è una bozza di lavoro degli autori non pubblicata 610 0 $aProbabilità 610 0 $aAnalisi stocastica 610 0 $aMatematica finanziaria 676 $a530.475 700 1$aShreve,$bSteven$012902 702 1$aChalasani,$bPrasad 702 1$aJha,$bSomesh 801 0$aIT$bUNINA$gRICA$2UNIMARC 901 $aBK 912 $a990002893190403321 952 $aMII-A-170$b6317$fMAS 959 $aMAS 996 $aStochastic calculus and finance$9466707 997 $aUNINA DB $aING01 LEADER 00813nam a2200229 u 4500 001 991004411529307536 005 20251217131221.0 008 251217s2022 xx r 001 0 eng d 040 $aBibl. Dip.le Aggr. Ingegneria Innovazione - Sez. IngegneriaInnovazione$beng 082 0 $a004.22 110 1 $aIntel Corporation$0309827 245 10$aIA-32 Intel architecture optimization reference manual 260 $a[S.l.] :$bIntel Corporation,$c2005 300 $a[varie p.] :$bill. ;$c28 cm 500 $aPublication date: June 2005. 650 0$aComputer architecture 650 0$aMicroprocessors$xOptimization 650 0$aSoftware optimization 710 1 $aIntel Corporation$0309827 912 $a991004411529307536 996 $aIA-32 Intel architecture optimization reference manual$94527908 997 $aUNISALENTO